| 000 | 00441nam a2200157 a 4500 | ||
|---|---|---|---|
| 005 | 20140310183322.0 | ||
| 008 | 060302s19uu xx 00 eng d | ||
| 020 | _a0425079600 | ||
| 050 |
_aPS 3569 _b.Sa194 1984 |
||
| 100 | _aSanders, Lawrence | ||
| 245 |
_aThe passion of Molly T. / _cLawrence Sanders. |
||
| 260 |
_aNew York : _bThe Berkley Publishing Group, _c1985. |
||
| 300 |
_a394 p. : _c18 cm. |
||
| 942 |
_cBK _2lcc |
||
| 999 |
_c21412 _d21412 |
||